City politics and the press : journalists and the governing of Merseyside /

Saved in:
Bibliographic Details
Main Author: Cox, Harvey Gallagher
Other Authors: Morgan, David, 1937-
Format: Book
Language:English
Published: Cambridge : University Press, 1973.
Subjects:
LEADER 01017nam a2200253 i 4500
001 c000257720
003 CARM
005 00000000000000.0
008 850711s1973 xx 0 eng d
019 1 |a 47739544  |z 721670  |5 LACONCORD2021 
020 |a 0521201624 
035 |a (OCoLC)693490  |5 LACONCORD2021 
082 0 4 |a 070.44932 
100 1 |a Cox, Harvey Gallagher. 
245 1 0 |a City politics and the press :  |b journalists and the governing of Merseyside /  |c Harvey Cox [and] David Morgan. 
260 |a Cambridge :  |b University Press,  |c 1973. 
300 |a 159 p. :  |b ill. 
500 |a Bibliography: p. 155-157. 
650 0 |a Government and the press  |z England  |z Mersey River Valley. 
650 0 |a Press and politics  |z Great Britain  |x Case studies. 
700 1 |a Morgan, David,  |d 1937- 
852 8 |b CARM  |h A2:AP03G0  |i B06784  |p 0323672  |f BK 
999 f f |i a59fa0c5-df98-5a17-8b7d-07640df4a071  |s 475d8d4e-bd64-5bc8-b1b6-41d11d6f8557 
952 f f |p Can circulate  |a CAVAL  |b CAVAL  |c CAVAL  |d CARM 1 Store  |e B06784  |f A2:AP03G0  |h Other scheme  |i book  |m 0323672